000
00214nmm a2200085Ia 4500
008
220120s9999||||xx |||||||||||||||||und||
100
_a
Embedded For You
245
0
_a
Digital edition
260
_a
Embedded for you
_c
2014
999
_c
139900
_d
139900